| 000 | 01552cam a22004097a 4500 | ||
|---|---|---|---|
| 001 | 13943783 | ||
| 003 | EG-ScBUE | ||
| 005 | 20211017134635.0 | ||
| 008 | 050427t2008 sz f i000 0 eng d | ||
| 020 | _a9789241596534 | ||
| 035 | _a(OCoLC)ocm56507857 | ||
| 040 |
_aCOU _beng _erda _cCOU _dORE _dOCLCQ _dDLC _dEG-ScBUE |
||
| 082 | 0 | 4 |
_a362.1969792 _bHIV _222 |
| 245 | 0 | 0 |
_aHIV and infant feeding : _bcounselling tools. |
| 264 | 1 |
_aGeneva, Switzerland : _bWorld Health Organization, _c[2008] |
|
| 264 | 4 | _cc2008 | |
| 300 |
_a58 pages ; _c30 cm. |
||
| 336 |
_2rdacontent _atext _btxt |
||
| 337 |
_2rdamedia _aunmediated _bn |
||
| 338 |
_2rdacarrier _avolume _bnc |
||
| 490 | 0 | _aOrientation guide for trainers | |
| 650 | 7 |
_aHIV infections _xTransmission. _2BUEsh |
|
| 650 | 7 |
_aHIV infections _xPrevention. _2BUEsh |
|
| 650 | 7 |
_aBreastfeeding _xHealth aspects. _2BUEsh |
|
| 650 | 7 |
_aInfants _xNutrition. _2BUEsh |
|
| 653 |
_bGGEN _cOctober2021 |
||
| 655 | 7 |
_aGuideline. _2mesh _vReading book |
|
| 710 | 2 | _aUNICEF. | |
| 710 | 2 | _aWorld Health Organization. | |
| 710 | 2 | _aJoint United Nations Programme on HIV/AIDS. | |
| 710 | 2 | _aUnited Nations Population Fund. | |
| 856 | 4 | 1 |
_uhttp://www.who.int/child-adolescent-health/New%5FPublications/NUTRITION/HIV%5FIF%5FDM.pdf _zConnect to free full text at publisher site. |
| 906 |
_a7 _bcbc _ccopycat _d2 _encip _f20 _gy-gencatlg |
||
| 942 |
_2ddc _cBB |
||
| 999 |
_c29599 _d29570 |
||